Aussiger Beiträge Germanistische Schriftenreihe aus Forschung und Lehre
Uložené v:
| Médium: | Seriál |
|---|---|
| Jazyk: | German |
| Vydavateľské údaje: |
Ústí nad Labem
Filozofická fakulta Univerzity J. E. Purkyně v Ústí nad Labem
|
| Tagy: |
Žiadne tagy, Buďte prvý, kto otaguje tento záznam!
|
MARC
| LEADER | 00000nas1a2200000 4500 | ||
|---|---|---|---|
| 001 | 0270520 | ||
| 005 | 20250917133851.1 | ||
| 022 | |a 2570-916X | ||
| 022 | |a 1802-6419 | ||
| 041 | 0 | |a ger | |
| 044 | |a CZ | ||
| 245 | 1 | 0 | |a Aussiger Beiträge |b Germanistische Schriftenreihe aus Forschung und Lehre |
| 264 | 1 | |a Ústí nad Labem |b Filozofická fakulta Univerzity J. E. Purkyně v Ústí nad Labem | |